| 000 | 00580nam a2200193Ia 4500 | ||
|---|---|---|---|
| 005 | 20260429112001.0 | ||
| 008 | 260429s9999||||xx |||||||||||||| ||und|| | ||
| 020 | _a9798886130560 | ||
| 041 | _aEnglish | ||
| 082 |
_a621.042 _bWIJ |
||
| 100 | _aWijeysundera, Nihal E | ||
| 245 | 0 |
_aPrinciples of renewable energy engineering with worked examples / _cNihal E Wijeysundera |
|
| 260 |
_aSingapore : _bWorld Scientific Publishing, _c2024. |
||
| 300 | _axvii, 607 p.; pbk | ||
| 650 | _a Energy engineering | ||
| 650 | _a Renewable energy | ||
| 650 | _aEngineering | ||
| 942 | _cTB | ||
| 999 |
_c51747 _d51747 |
||